| Tag |
First Indicator |
Second Indicator |
Subfields |
| LEADER |
00000cam a2200000 4500 |
| 001 |
in00000007061 |
| 005 |
20151004080019.0 |
| 008 |
730816s1962 msua 00010 eng u |
| 035 |
|
|
|a (OCoLC)00679206
|
| 035 |
|
|
|9 AAA1529AM
|
| 040 |
|
|
|c KSU
|d OCL
|d TXA
|d UtOrBLW
|
| 049 |
|
|
|a TXAM
|c [A12573561]
|
| 050 |
|
4 |
|a QE1
|b .M593 1962
|
| 110 |
2 |
|
|a Mississippi Geological Society.
|b Field Trip Committee.
|
| 245 |
1 |
4 |
|a The Paleozoics of northwest Arkansas :
|b sixteenth field trip given by Mississippi Geological Society in cooperation with the Arkansas Geological & Conservation Commission, May 3,4,5,6, 1962.
|
| 264 |
|
1 |
|a Jackson, Miss. :
|b The society,
|c 1962.
|
| 300 |
|
|
|a 48 pages, 1 unnumbered folded leaf :
|b illustrations ;
|c 29 cm.
|
| 336 |
|
|
|a text
|b txt
|2 rdacontent
|
| 337 |
|
|
|a unmediated
|b n
|2 rdamedia
|
| 338 |
|
|
|a volume
|b nc
|2 rdacarrier
|
| 490 |
0 |
|
|a Guide book, field trip / Mississippi Geological Society ;
|v 1962
|
| 500 |
|
|
|a Guide book.
|
| 650 |
|
0 |
|a Geology
|z Arkansas.
|
| 650 |
|
0 |
|a Geology, Stratigraphic
|y Paleozoic.
|
| 999 |
|
|
|a MARS
|
| 999 |
f |
f |
|s fc5b1959-af1d-3bc2-bc5b-108e7abbd65c
|i 11300aeb-0d3b-34e4-a304-49fc08385dbd
|t 0
|
| 952 |
f |
f |
|p ric
|a Texas A&M University
|b Rellis Campus
|c Joint Library Facility
|d Remote Storage
|t 0
|e QE1 .M593 1962
|h Library of Congress classification
|i unmediated -- volume
|m A14850321861
|
| 998 |
f |
f |
|a QE1 .M593 1962
|t 0
|l Remote Storage
|